| 000 | 00919nam a22002057a 4500 | ||
|---|---|---|---|
| 003 | OSt | ||
| 005 | 20260127153738.0 | ||
| 008 | 230719b ||||| |||| 00| 0 eng d | ||
| 040 | _cSSBUL | ||
| 082 |
_223 _a294.34433 |
||
| 100 | 0 |
_aဝႃႇယႃႇမ၊ _cၸဝ်ႈသြႃႇ။ _928164 |
|
| 245 | 1 | 0 |
_aပပ်ႉၵႅမ်မိုဝ်းၵူၼ်းထဝ်ႈ / _cၶပ်းၶိုင် - ၸဝ်ႈသြႃႇ ဝႃႇယႃႇမ၊ ႁႃႁွမ်တွမ်ၸု - ၼၢႆးသွႆႈ(တူၼ်ႈတီး)။ |
| 260 |
_aတူၼ်ႈတီး၊ _bဝိၼ်းၵွမ်ႇပျူႇတႃႇ၊ _c2017 ။ |
||
| 300 |
_a44 ၼႃႈ၊ _c21 ၸိၼ်ႇတီႇ။ |
||
| 500 | _aS-SAT: Dr. Prof Sai Aung Tun | ||
| 650 |
_aပုတ်ႉထၽႃႇသႃႇ - ထမ်းဝႆႈၽြႃး _928165 |
||
| 942 | _cBK | ||
| 942 | _2ddc | ||
| 942 | _2ddc | ||
| 999 |
_c27340 _d27340 |
||